Les pays qui commencent par des voyelles en une minute sprint - Statistiques

Statistiques générales
  • Ce quiz a été pris 2 256 fois
  • Le résultat moyen est 16 sur 36
Statistiques - réponses
Lettres Pays % Correct
Y Yemen
71%
Albanie
65%
Uruguay
64%
Espagne
63%
Allemagne
60%
Italie
60%
Armenie
57%
O Oman
54%
Ouganda
53%
Irlande
52%
I Inde
51%
Algerie
50%
Estonie
49%
Ethiopie
48%
Islande
48%
Erythree
47%
Argentine
45%
Andorre
44%
Australie
44%
Angola
43%
Irak
43%
Iran
42%
A Afghanistan
41%
Etats Unis
41%
Indonesie
41%
Autriche
40%
Ouzbekistan
40%
Azerbaidjan
36%
U Ukraine
35%
E Egypte
33%
Antigua
31%
Equateur
30%
Afrique du Sud
29%
Israel
28%
Arabie Saoudite
23%
Emirats Arabes Unis
20%
Aucun quiz correspondant
Distribution des résultats
% des personnes avec chaque résultat
Percentile par nombre de réponses
Votre historique - résultats
Vous n’avez pas pris ce quiz